000 00335nam a22001457a 4500
008 210512b ||||| |||| 00| 0 eng d
020 _a9780816039098
041 _aeng
080 _23rd
_a54
082 _a54
100 _a12
101 _aKIM
245 _aThe Facts on File Dictionary of Chemistry
_cDaintith,J
942 _2udc
_cBK
999 _c57276
_d57276